000 00570nam a22001937a 4500
003 00
005 20170913111206.0
008 170913b xxu||||| |||| 00| 0 eng d
020 _a0-442-01088-5
040 _aBUAC
_bFre
_cBuc
100 _aBradford, Samuel
245 _aCorrosion Control
_c/ par Samuel A. Bradford
260 _aNew York :
_bVan Nostrand Reinhold,
_c1992
300 _a354 p.
_bcouv. en coul. ;
_c24 cm
500 _aBibliogr. pp. (330 - 331 Index pp. (333 - 354)
630 _aSciences appliquées
650 _aIngenierie
_97877
942 _cLBA
999 _c56922
_d56922